000 00274nam a22000977a 4500
005 20250901165403.0
008 210319b ||||| |||| 00| 0 eng d
050 _aPE1111 .D66 1937
245 _aESSENTIALS OF ELEMENTARY ENGLISH SEVENTH YEAR
_cSISTERS OF ST. DOMINIC
942 _2lcc
999 _c3135
_d3135